| 000 | 01039pam a2200301 a 4500 | ||
|---|---|---|---|
| 001 | 2559772 | ||
| 003 | OSt | ||
| 005 | 20160810115634.0 | ||
| 008 | 950419s1996 njua b 001 0 eng | ||
| 010 | _a 95014111 | ||
| 020 | _a0023963115 | ||
| 040 |
_aDLC _cDLC _dDLC |
||
| 050 | 0 | 0 |
_aLC1099 _b.P69 1996 |
| 082 | 0 | 0 |
_a370.19/6 _220 |
| 100 | 1 |
_aPowell, Richard R., _d1951- |
|
| 245 | 1 | 0 |
_aField experience : _bstrategies for exploring diversity in schools / _cRichard R. Powell, Stanley Zehm, Jesus Garcia. |
| 260 |
_aEnglewood Cliffs, N.J. : _bMerrill, _cc1996. |
||
| 300 |
_axx, 263 p. : _bill. ; _c24 cm. |
||
| 504 | _aIncludes bibliographical references and index. | ||
| 650 | 0 | _aMulticultural education. | |
| 650 | 0 | _aTeaching. | |
| 650 | 0 | _aAction research in education. | |
| 700 | 1 | _aZehm, Stanley J. | |
| 700 | 1 |
_aGarcia, Jesus, _d1941- |
|
| 906 |
_a7 _bcbc _corignew _d1 _eocip _f19 _gy-gencatlg |
||
| 942 |
_2lcc _cBOOKS |
||
| 999 |
_c13271 _d13271 |
||